<?xml version="1.0" encoding="UTF-8"?>
<record
    xmlns:xsi="http://www.w3.org/2001/XMLSchema-instance"
    xsi:schemaLocation="http://www.loc.gov/MARC21/slim http://www.loc.gov/standards/marcxml/schema/MARC21slim.xsd"
    xmlns="http://www.loc.gov/MARC21/slim">

  <leader>00335nam a22001217a 4500</leader>
  <datafield tag="999" ind1=" " ind2=" ">
    <subfield code="c">3519</subfield>
    <subfield code="d">3519</subfield>
  </datafield>
  <controlfield tag="005">20201204110122.0</controlfield>
  <controlfield tag="008">201204b           ||||| |||| 00| 0 eng d</controlfield>
  <datafield tag="020" ind1=" " ind2=" ">
    <subfield code="a">1932705589</subfield>
  </datafield>
  <datafield tag="040" ind1=" " ind2=" ">
    <subfield code="c">CML</subfield>
  </datafield>
  <datafield tag="245" ind1=" " ind2=" ">
    <subfield code="a">World History.</subfield>
    <subfield code="c">Rao B.V.</subfield>
  </datafield>
  <datafield tag="260" ind1=" " ind2=" ">
    <subfield code="a">UK</subfield>
    <subfield code="b">New Dawn Group</subfield>
    <subfield code="c">1984</subfield>
  </datafield>
  <datafield tag="942" ind1=" " ind2=" ">
    <subfield code="2">ddc</subfield>
    <subfield code="c">AUDIO</subfield>
    <subfield code="e">1st Edition</subfield>
    <subfield code="h">909</subfield>
    <subfield code="m">RAO</subfield>
  </datafield>
  <datafield tag="952" ind1=" " ind2=" ">
    <subfield code="0">0</subfield>
    <subfield code="1">0</subfield>
    <subfield code="2">ddc</subfield>
    <subfield code="4">0</subfield>
    <subfield code="7">0</subfield>
    <subfield code="8">090 - GEOG</subfield>
    <subfield code="a">CML</subfield>
    <subfield code="b">CML</subfield>
    <subfield code="c">GEOG</subfield>
    <subfield code="d">2020-12-04</subfield>
    <subfield code="l">0</subfield>
    <subfield code="o">909 RAO</subfield>
    <subfield code="p">9781932705584</subfield>
    <subfield code="r">2020-12-04</subfield>
    <subfield code="t">1</subfield>
    <subfield code="w">2020-12-04</subfield>
    <subfield code="y">AUDIO</subfield>
  </datafield>
</record>
